Statistieken voor Provincie Limburg - Trivia

Klik hier om de quiz te nemen!

Algemene statistieken

  • Deze quiz is 439 keer genomen
  • De gemiddelde score is 11 van 20

Antwoordstatistieken

VraagAntwoord% Correct
Belangrijkste rivierMaas
89%
Aangrenzend landNederland
86%
Aangrenzende provinciesLuik
84%
Aangrenzende provinciesAntwerpen
82%
Aangrenzende provinciesVlaams-Brabant
79%
HoofdstadHasselt
78%
Tweede stadGenk
71%
Clubs in de Jupiler Pro LeagueKRC Genk
71%
Deze mondt, in Nederland, uit in deNoordzee
58%
Derde stadSint-Truiden
55%
Vijfde stadTongeren
52%
Veel voormalige mijnen in centraal Limburg dolven deze grondstofSteenkool
51%
Gemeente die niet aan de rest vastzit, maar als exclave grenst aan LuikVoeren
49%
Grootste openluchtmuseum van België in de Tweede StadBokrijk
43%
Vooralsnog enige Nationaal Park van BelgiëHoge Kempen
37%
Clubs in de Jupiler Pro LeagueSTVV
37%
Vierde stadBeringen
34%
Andere naam voor de fruitstreekHaspengouw
32%
Grootste evenementenhal{Trixxo} Arena
29%
Hoogste punt van de provincie{Rees}berg
10%

Scoreverdeling

Percentiel versus Aantal Correcte Antwoorden

Procent van Mensen met Elke Score

Uw Scoregeschiedenis

U heeft deze quiz nog niet genomen